[Event "Winnipeg Yanofsky Memorial U1800"]
[Site "Winnipeg"]
[Date "2007.08.31"]
[Round "1"]
[White "Kwiatek, Jordan"]
[Black "Taylor, Evan"]
[Result "1-0"]
[WhiteElo "1791"]
[BlackElo "1393"]
[PlyCount "51"]
[EventDate "2007.08.31"]
[EventType "swiss"]
[EventRounds "5"]
[EventCountry "CAN"]
[SourceTitle "EXT 2022"]
[Source "ChessBase"]
[SourceDate "2021.10.06"]
[SourceVersion "1"]
[SourceVersionDate "2021.10.06"]
[SourceQuality "1"]

1. d4 Nf6 2. c4 g6 3. Nc3 Bg7 4. e4 d6 5. Be2 Nbd7 6. f4 0-0 7. Nf3 c5 8. 0-0 cxd4 9. Nxd4 Qb6 10. Be3 Nc5 11. Nb3 Qc7 12. Nxc5 dxc5 13. e5 Nd7 14. Nd5 Qd8 15. Bf3 e6 16. Nc3 Rb8 17. Qd6 Qb6 18. Qd3 Qd8 19. Rfd1 a6 20. Bxc5 Re8 21. Bd6 Ra8 22. b4 Qb6+ 23. c5 Qb5 24. Qc2 a5 25. a4 Qxb4 26. c6 1-0

[Event "Winnipeg TNT April op"]
[Site "Winnipeg"]
[Date "2004.04.13"]
[Round "2"]
[White "Taylor, Evan"]
[Black "Milord, Frank"]
[Result "1/2-1/2"]
[WhiteElo "1359"]
[BlackElo "1555"]
[PlyCount "69"]
[EventDate "2004.04.??"]
[EventType "swiss"]
[EventRounds "4"]
[EventCountry "CAN"]
[SourceTitle "EXT 2006"]
[Source "ChessBase"]
[SourceDate "2005.11.24"]
[SourceVersion "1"]
[SourceVersionDate "2005.11.24"]
[SourceQuality "1"]

1. Nf3 Nf6 2. d4 d5 3. c4 c6 4. Nc3 dxc4 5. a4 Bf5 6. e3 e6 7. Bxc4 Bb4 8. 0-0 Nbd7 9. Qb3 Bxc3 10. bxc3 Qc7 11. Re1 0-0 12. Ba3 Rfe8 13. h3 c5 14. Rac1 h6 15. Re2 a6 16. Rce1 Ne4 17. Nd2 Nxd2 18. Rxd2 Be4 19. Rf1 Rac8 20. Rfd1 cxd4 21. Rxd4 Nf6 22. Bd6 Qc6 23. f3 Bd5 24. Bxd5 Nxd5 25. c4 Qxd6 26. cxd5 exd5 27. Rxd5 Qg3 28. Rd7 Qg6 29. e4 b6 30. Rb7 Rb8 31. Rdd7 Rxb7 32. Rxb7 Re6 33. Rb8+ Kh7 34. Qb4 Rd6 35. Qe1 1/2-1/2

[Event "Winnipeg Mike Shpan Memorial"]
[Site "Winnipeg"]
[Date "2003.12.09"]
[Round "5"]
[White "Gibson, Fred"]
[Black "Taylor, Evan"]
[Result "0-1"]
[WhiteElo "1176"]
[BlackElo "1305"]
[PlyCount "48"]
[EventDate "2003.11.04"]
[EventType "swiss"]
[EventRounds "6"]
[EventCountry "CAN"]
[SourceTitle "EXT 2006"]
[Source "ChessBase"]
[SourceDate "2005.11.24"]
[SourceVersion "1"]
[SourceVersionDate "2005.11.24"]
[SourceQuality "1"]

1. d4 e6 2. c4 Bb4+ 3. Nc3 Nf6 4. Bg5 0-0 5. e3 b6 6. Nf3 h6 7. a3 Bxc3+ 8. bxc3 hxg5 9. Nxg5 Ba6 10. Bd3 d5 11. cxd5 Qxd5 12. Nf3 Bxd3 13. Qxd3 Qe4 14. Rd1 Qxd3 15. Rxd3 Nbd7 16. Ne5 Rfd8 17. Ke2 Nxe5 18. dxe5 Rxd3 19. exf6 Rxc3 20. fxg7 Kxg7 21. Rd1 Rxa3 22. Rd7 Rc8 23. h4 c5 24. g4 c4 0-1

[Event "Winnipeg Mike Shpan Memorial"]
[Site "Winnipeg"]
[Date "2003.12.02"]
[Round "4"]
[White "Taylor, Evan"]
[Black "Lindsay, Richard Vicent"]
[Result "0-1"]
[WhiteElo "1305"]
[BlackElo "1712"]
[PlyCount "88"]
[EventDate "2003.11.04"]
[EventType "swiss"]
[EventRounds "6"]
[EventCountry "CAN"]
[SourceTitle "EXT 2006"]
[Source "ChessBase"]
[SourceDate "2005.11.24"]
[SourceVersion "1"]
[SourceVersionDate "2005.11.24"]
[SourceQuality "1"]

1. e4 c5 2. Nf3 Nc6 3. d4 cxd4 4. Nxd4 Nf6 5. Nc3 d6 6. Bc4 e6 7. Be3 Be7 8. 0-0 0-0 9. f3 a6 10. Qd2 Qc7 11. Bb3 Bd7 12. Rad1 Rfd8 13. Rfe1 Na5 14. Qf2 Nc4 15. Bxc4 Qxc4 16. Nb3 b5 17. a3 Qc8 18. e5 dxe5 19. Bb6 Re8 20. Rxe5 Bc6 21. Re2 Nd5 22. Bd4 Nxc3 23. Bxc3 Bd5 24. Qg3 f6 25. Nd4 Bxa3 26. Nf5 Bc5+ 27. Kh1 Qb7 28. Bxf6 exf5 29. Rxe8+ Rxe8 30. Rxd5 Bf2 31. Re5 Rxe5 32. Qxe5 gxf6 33. Qxf6 Qd7 34. Qg5+ Kf8 35. Qf6+ Ke8 36. Qh8+ Ke7 37. Qxh7+ Kd8 38. Qxd7+ Kxd7 39. g3 Kd6 40. Kg2 Bd4 41. b3 Kd5 42. g4 fxg4 43. fxg4 a5 44. Kf3 a4 0-1

[Event "Winnipeg TNT Aug op"]
[Site "Winnipeg"]
[Date "2003.08.05"]
[Round "1"]
[White "Taylor, Evan"]
[Black "Klokow, John"]
[Result "0-1"]
[WhiteElo "1395"]
[BlackElo "1750"]
[PlyCount "24"]
[EventDate "2003.08.05"]
[EventType "swiss"]
[EventRounds "4"]
[EventCountry "CAN"]
[SourceTitle "EXT 2006"]
[Source "ChessBase"]
[SourceDate "2005.11.24"]
[SourceVersion "1"]
[SourceVersionDate "2005.11.24"]
[SourceQuality "1"]

1. e4 e5 2. Nc3 Nf6 3. Bc4 Nc6 4. d3 Be7 5. Nge2 0-0 6. 0-0 d6 7. h3 Na5 8. Bb3 c6 9. Bd2 Qc7 10. Nb5 cxb5 11. Ng3 Be6 12. Nf5 Bxf5 0-1

[Event "Winnipeg TNT June op"]
[Site "Winnipeg"]
[Date "2003.06.03"]
[Round "1"]
[White "Cleto, Sam"]
[Black "Taylor, Evan"]
[Result "1/2-1/2"]
[WhiteElo "1872"]
[BlackElo "1420"]
[PlyCount "105"]
[EventDate "2003.06.03"]
[EventType "swiss"]
[EventRounds "4"]
[EventCountry "CAN"]
[SourceTitle "EXT 2004"]
[Source "ChessBase"]
[SourceDate "2003.11.25"]
[SourceVersion "1"]
[SourceVersionDate "2003.11.25"]
[SourceQuality "1"]

1. e4 c6 2. d4 d5 3. Nd2 dxe4 4. Nxe4 Bf5 5. Ng3 Bg6 6. h4 h6 7. Nf3 Nd7 8. h5 Bh7 9. Bd3 Bxd3 10. Qxd3 Qc7 11. Bd2 e6 12. 0-0-0 Ngf6 13. Kb1 0-0-0 14. c4 Be7 15. Rhe1 Kb8 16. Bc3 Rde8 17. Re5 Bd6 18. Ne4 Bxe5 19. dxe5 Nxe4 20. Qxe4 Nb6 21. Ba5 Rd8 22. Rxd8+ Rxd8 23. c5 Qd7 24. Qc2 Qd5 25. b3 Rd7 26. Bd2 Nc8 27. Be3 Qd1+ 28. Qxd1 Rxd1+ 29. Kc2 Rd8 30. g4 Ne7 31. g5 Nf5 32. Bd2 Nd4+ 33. Nxd4 Rxd4 34. f4 Kc8 35. Be3 Rd8 36. Kc3 hxg5 37. fxg5 Rh8 38. h6 gxh6 39. gxh6 Kd8 40. Kc4 Ke8 41. b4 Kd7 42. a4 Rg8 43. Bd2 Rg4+ 44. Kd3 Ke7 45. Ke3 Rg8 46. Kf4 Rd8 47. Be1 Kf8 48. Bf2 Rd7 49. Kg5 Kg8 50. Kf6 a6 51. a5 Kh8 52. Be3 Kh7 53. Bg5 1/2-1/2

[Event "Winnipeg TNT May op"]
[Site "Winnipeg"]
[Date "2003.05.20"]
[Round "3"]
[White "Taylor, Evan"]
[Black "Pottinger, Carl"]
[Result "0-1"]
[WhiteElo "1420"]
[BlackElo "1582"]
[PlyCount "144"]
[EventDate "2003.05.06"]
[EventType "swiss"]
[EventRounds "4"]
[EventCountry "CAN"]
[SourceTitle "EXT 2004"]
[Source "ChessBase"]
[SourceDate "2003.11.25"]
[SourceVersion "1"]
[SourceVersionDate "2003.11.25"]
[SourceQuality "1"]

1. d4 d5 2. c4 e5 3. dxe5 d4 4. Nf3 Nc6 5. e3 Bb4+ 6. Nbd2 dxe3 7. fxe3 Bg4 8. a3 Bxd2+ 9. Bxd2 Qd7 10. Be2 0-0-0 11. Bc3 Nge7 12. Qc2 Qf5 13. Qxf5+ Nxf5 14. Kf2 Nh6 15. Ng5 Be6 16. Kg3 Nf5+ 17. Kf4 Nfe7 18. Rhf1 h6 19. Nxe6 fxe6 20. Bg4 Rdf8+ 21. Kg3 Nf5+ 22. Bxf5 Rxf5 23. Rxf5 exf5 24. Kf4 g6 25. Rf1 Nd8 26. e4 Ne6+ 27. Kf3 Ng5+ 28. Ke3 Nxe4 29. Be1 Re8 30. Kd4 Rd8+ 31. Ke3 Kd7 32. Rg1 Ke6 33. g4 Kxe5 34. gxf5 gxf5 35. Rg7 f4+ 36. Kf3 Rd3+ 37. Ke2 Re3+ 38. Kd1 f3 39. Re7+ Kd6 40. Rf7 Ng5 41. Bg3+ Ke6 42. Rf4 Re2 43. Rf8 Rxb2 44. Re8+ Kf5 45. Re5+ Kg4 46. Rd5 Kh3 47. Rd2 Rxd2+ 48. Kxd2 Ne4+ 49. Ke3 Nxg3 50. Kxf3 Kxh2 51. Kg4 h5+ 52. Kh4 Kg2 53. Kg5 h4 54. Kxh4 Kf3 55. c5 Ne4 56. Kh5 Nxc5 57. Kg5 Ke4 58. Kf6 Kd5 59. Kf5 a5 60. Kf4 b5 61. Ke3 b4 62. axb4 axb4 63. Kd2 Kc4 64. Kc1 Na4 65. Kb1 Kc3 66. Kc1 c5 67. Kb1 c4 68. Kc1 b3 69. Kb1 Kb4 70. Kc1 c3 71. Kd1 b2 72. Ke1 b1Q+ 0-1